| Tag |
First Indicator |
Second Indicator |
Subfields |
| LEADER |
00000cam a2200000 i 4500 |
| 001 |
in00000064453 |
| 005 |
20151007083234.0 |
| 008 |
760927s1962 sw d b 00010 eng d |
| 035 |
|
|
|a (OCoLC)02465508
|
| 035 |
|
|
|9 AAF9071AM
|
| 040 |
|
|
|a LDL
|c LDL
|d TXA
|d UtOrBLW
|
| 049 |
|
|
|a TXAM
|c [454390]
|
| 090 |
|
|
|a HB74.M3
|b Z33 1962
|
| 092 |
|
|
|a 330.182
|b Z16s
|
| 100 |
1 |
|
|a Zackrisson, Uno.
|
| 245 |
1 |
2 |
|a A study of truncation and censoring with economic subsidiary conditions.
|
| 264 |
|
1 |
|a Goteborg,
|b [publisher not identified] ;
|c 1962.
|
| 300 |
|
|
|a 117 pages :
|b charts ;
|c 23 cm.
|
| 336 |
|
|
|a text
|b txt
|2 rdacontent
|
| 337 |
|
|
|a unmediated
|b n
|2 rdamedia
|
| 338 |
|
|
|a volume
|b nc
|2 rdacarrier
|
| 490 |
0 |
|
|a Statistiska Institutionen, Goteborgs Universitet ; Skriftseries. Publications. 9
|
| 502 |
|
|
|a Originally presented as the author's thesis, University of Gothenburg.
|
| 504 |
|
|
|a Bibliography : pages [102]-103.
|
| 650 |
|
0 |
|a Economics, Mathematical.
|
| 650 |
|
0 |
|a Cost accounting.
|
| 740 |
0 |
|
|a Truncation and censoring.
|
| 999 |
|
|
|a MARS
|
| 999 |
f |
f |
|s 45562df9-1bf0-3cec-a023-b96b263b84f6
|i 0a286a1a-7f08-3818-8143-e6c2fed255b5
|t 0
|
| 952 |
f |
f |
|p ric
|a Texas A&M University
|b Rellis Campus
|c Joint Library Facility
|d Remote Storage
|t 0
|e HB74.M3 Z33 1962
|h Library of Congress classification
|i unmediated -- volume
|m A14800695315
|
| 998 |
f |
f |
|a HB74.M3 Z33 1962
|t 0
|l Remote Storage
|